书目信息 |
| 题名: |
中学政治基础知识
|
|
| 作者: | ;北京市海淀区教师进修学校 编 | |
| 分册: | ||
| 出版信息: | 北京 外语教学与研究出版社 1982 |
|
| 页数: | 385页 | |
| 开本: | 19cm | |
| 丛书名: | ||
| 单 册: | ||
| 中图分类: | G634.2 , G633.2 | |
| 科图分类: | ||
| 主题词: | 政治课--中学--教学参考资料 | |
| 电子资源: | ||
| ISBN: | ||
| 000 | 00736nam0 2200241 45 | |
| 001 | 0182003838 | |
| 005 | 20060728152411.31 | |
| 010 | @dCNY0.95 | |
| 091 | @a9215.141 | |
| 100 | @a19950616d1982 em y0chiy0121 ea | |
| 101 | 0 | @achi |
| 102 | @aCN@b110000 | |
| 105 | @ay z 000yy | |
| 200 | 10 | @a中学政治基础知识@Azhong xue zheng zhi ji chu zhi shi@f北京市海淀区教师进修学校编 |
| 210 | @a北京@c外语教学与研究出版社@d1982 | |
| 215 | @a385页@d19cm | |
| 606 | @a政治课@x中学@x教学参考资料 | |
| 690 | @aG634.2@v3 | |
| 690 | @aG633.2 | |
| 711 | 02 | @a北京市海淀区教师进修学校@Abei jing shi hai dian qu jiao shi jin xiu xue xiao@4编 |
| 801 | 0 | @aCN@b上海图书馆@c20060728 |
| 801 | 2 | @aCN@bNLC@c20060720 |
| 905 | @f2@b68732-733@dG633.2@e1 | |
| 中学政治基础知识/北京市海淀区教师进修学校编.-北京:外语教学与研究出版社,1982 |
| 385页;19cm |
| ISBN :CNY0.95 |
| ● |
| 相关链接 |
|
|
|
|
正题名:中学政治基础知识
索取号:G633.2/1
 
预约/预借
| 序号 | 登录号 | 条形码 | 馆藏地/架位号 | 状态 | 备注 |
| 1 | 0068732 | 000472492 | 密集书库/ [索取号:G633.2/1] | 在馆 | |
| 2 | 0068733 | 000472535 | 第一样本阅览室/ [索取号:G633.2/1] | 在馆 | |
| 3 | 0068734 | 001747033 | 密集书库/ [索取号:G633.2/1] | 在馆 | |
| 4 | 0424904 | 204249045 | 密集书库/ [索取号:G633.2/1] | 在馆 | |
| 5 | 0440479 | 204404796 | 密集书库/ [索取号:G633.2/1] | 在馆 |